Bezirke Österreichs - Sudden Death - Statistiken

Allgemein
  • Dieses Quiz wurde 232 mal gespielt
  • Das Durchschnittsergebnis liegt bei 6 aus 19
Answers on the Grid
Answers color-coded by a green-red scale on the quiz's grid according to % correct below.
Steyr-Land
Weiz
Klosterneuburg
Korneuburg
Bischofshofen
Wien-Land
Innsbruck-Land
Freistadt
Südtirol
Krainburg
Vöcklabruck
Traun
Südweststeiermark
Hohenems
Dornbirn
Leoben
Kapfenberg
Horn
Imst
Schwyz
Voitsberg
Villach-Land
Feldbach-Radkersburg
Schwechat
Bruck an der Donau
Telfs
Oberpullendorf
Scheibbs
Hallein
Passau
Kitzbühel
Zell am See
Ried im Innkreis
Wachau
Berchtesgaden
Mödling
 
Antwortstatistiken
Antwort % Korrekt
Innsbruck-Land
49%
Dornbirn
40%
Vöcklabruck
38%
Zell am See
38%
Leoben
36%
Imst
34%
Kitzbühel
34%
Ried im Innkreis
34%
Villach-Land
34%
Steyr-Land
33%
Hallein
32%
Mödling
30%
Voitsberg
29%
Freistadt
26%
Weiz
26%
Oberpullendorf
24%
Scheibbs
24%
Korneuburg
21%
Horn
20%
Keine übereinstimmenden Quizze gefunden
Verteilung der Resultate
Anzahl Personen mit jedem Resultat
Perzentil nach korrekt beantworteten Fragen
Ihre Resultats-Entwicklung
Sie haben dieses Quiz noch nicht gespielt